Fundamentals of incompressible fluid flow
Saved in:
| Hovedforfatter: | |
|---|---|
| Format: | Bog |
| Sprog: | engelsk |
| Udgivet: |
Ane Books
2013
|
| Tags: |
Tilføj Tag
Ingen Tags, Vær først til at tagge denne postø!
|
MARC
| LEADER | 00000nam a22000007a 4500 | ||
|---|---|---|---|
| 008 | 231222b |||||||| |||| 00| 0 eng d | ||
| 020 | |a 978986761934 | ||
| 100 | |a BABU,V. | ||
| 245 | |a Fundamentals of incompressible fluid flow |c /V. Babu |g viii, 207p:ill | ||
| 260 | |b Ane Books |c 2013 |h New Delhi |i 700474 |i 700475 |l TA357.B11 |m Civil engineering |m Fluid mechanics |m Mechanics, Applied |m Sustainable development | ||
| 500 | |a it includes index | ||
| 942 | |a lcc |c BK |e Johnson |f 22/12/23 | ||
| 952 | |0 0 |1 0 |2 lcc |4 0 |6 TA0357 B11 |7 0 |9 4709 |a TL |b HOL |d 2023-12-22 |l 0 |o TA357.B11 |p 2023-0622 |r 2023-12-22 00:00:00 |t 700474 |w 2023-12-22 |y BK | ||
| 952 | |0 0 |1 0 |2 lcc |4 0 |6 TA0357 B11 |7 0 |9 4710 |a TL |b HOL |d 2023-12-22 |l 0 |o TA357.B11 |p 2023-0623 |r 2023-12-22 00:00:00 |t 700475 |w 2023-12-22 |y BK | ||
| 999 | |c 2361 |d 2361 | ||